1629 1155 1618 1687 1714 1083 1829 1772 1229 1550 1706 1739 1642 1205 1850 1578 1357 1215 1985 1410 1623 1750 1287 1727 1524 1117 1309 1312 1077 1024 1563 1406 1335 1895 1523 1019 1798 1597 1290 1600 1600 1044 1574 1861 1875 1579 1487 1358 1606 1142 1557 1275 1932 1440 1195 1036 1758 1704 1438 1983 1448 1750 1546 1757 1360 1281 1061 1272 1429 1215 1752 1418 1333 1842 1686 1083 1386 1069 1941 1084 1726 1218 1923 1782 1203 1975 1249 1465 1515 1354 1131 1335 1271 1449 1230 1514 1899 1745 1223 BCNSPRNW ULIB Ver.6.0+V

เปลี่ยนเป็นภาษาไทย

Change to English
 แสดงรายละเอียดบรรณานุกรม
  กลับหน้าหลัก

Brief Record : Get Marc (ISO 2709) : E-mail record : QR code < ปิดหน้าต่าง
LEADER : 00000nam 2200000uu 4500
001    13399125958
003     ULIB
008    020711s2560 th a 000 0 tha d
060    ^aWY20.5^bว522ก
100    ^aวิจิตร ศรีสุพรรณ และคณะ
245    ^aการพัฒนาศูนย์การเรียนรู้และนวัตกรรมทางการพยาบาลเพื่อการสร้างเสริมสุขภาพโครงการขับเคลื่อนวิชาชีพการพยาบาลเพื่อการสร้างเสริมสุขภาพ
250    ^aพิมพ์ครั้งที่ 2
260    ^aนนทบุรี :^bโรงพิมพ์บริษัทมาตาการพิมพ์,^c2560
300    ^a52 หน้า;^c30 ซม.
650    ^aพยาบาล-นวัตกรรม
945    ^p0^l0^i003398
999    ^aประนอม เกษจรัล
รายการนี้ยังไม่มีแท็ก
คุณยังไม่ได้ล็อกอิน คุณสามารถมีกิจกรรมร่วมกับเว็บไซต์ได้ แต่ต้องล็อกอินก่อน ::
  ล็อกอิน

รายการสื่อสารสนเทศ

ลำดับที่ ประเภท เลขเรียก/บาร์โค้ด สถานที่ สถานะ
1. วิทยาศาสตร์การแพทย์ และสุขภาพ
วิทยาศาสตร์การแพทย์ และสุขภาพ
WY20.5 ว522ก ฉ.1 
  Barcode: 003398
ห้องสมุดวิทยาเขตสวรรค์ประชารักษ์
►หนังสือทั่วไป
ถูกยืม กำหนดส่งวันที่ 28 กันยายน 2567
  จอง

รายการใกล้เคียง
    หัวเรื่อง [พยาบาล-นวัตกรรม]

BibComment


ยังไม่เคยถูกคอมเมนท์

คอมเมนท์ทรัพยากรรายการนี้
  คอมเมนท์: การพัฒนาศูนย์การ..


 Copyright 2026. Bcnsprnw @Library